000
00311nam a22001337a 4500
008
170327b xxu||||| |||| 00| 0 eng d
020
_a
9781401872083
041
_a
eng
080
_2
3 ED
_a
615.83
100
_a
8
101
_a
SHM
245
_a
HEALTH ASSESSMENT PHYSICAL EXAMINATION
_c
ELLEM.M
942
_2
udc
_c
BK
999
_c
8726
_d
8726